Normal view
MARC view
- STABILITY AND STABILIZATION.NONLINEAR SYSTEMS
Entry Topical Term
001 - CONTROL NUMBER
- control field: 76350
003 - CONTROL NUMBER IDENTIFIER
- control field: NUST
005 - DATE AND TIME OF LATEST TRANSACTION
- control field: 20210628205630.0
008 - FIXED-LENGTH DATA ELEMENTS
- fixed length control field: 210628|| aca||aabn | a|a d
040 ## - CATALOGING SOURCE
- Original cataloging agency: NUST
- Transcribing agency: NUST
150 ## - HEADING--TOPICAL TERM
- Topical term or geographic name entry element: STABILITY AND STABILIZATION.NONLINEAR SYSTEMS
670 ## - SOURCE DATA FOUND
- Source citation: Work cat.: (NUST): Fossard, A. J Normand-Cyrot, D 76349, Nonlinear systems stability and stabilization, 1996
